000 00761nam a2200229 a 4500
001 BRL_1846
005 20190320211408.0
008 100815s1940----mx-ao#####---#000-0#spa-#
041 _aspa
044 _amx
050 4 _aF1221.Y3
_b.F33 1940
100 1 _aFabila, Alfonso
_928036
245 1 0 _aLas tribus yaquis de sonora
_bsu cultura y anhelada autodeterminación
_cAlfonso Fabila
260 _aMéxico
_bDepartamento de Asuntos Indígenas
_c1940
300 _axvii, 313 p.
_bil., planos
_c23 cm.
500 _aAu2051
650 1 4 _aYaquis
_xVida social y costumbres
_928037
650 1 4 _aYaquis
_xCondiciones sociales
_928038
711 2 _aPrimer Congreso Indigenista Interamericano
_d(1940
_cPatzcuaro, Michoacán)
_928039
902 _aGRL
942 _2lcc
_cB
999 _c10654
_d10654